| 000 -LEADER |
| fixed length control field |
00487nam a22001457a 4500 |
| 020 ## - INTERNATIONAL STANDARD BOOK NUMBER |
| ISBN |
9780131976535 |
| 050 ## - LIBRARY OF CONGRESS CALL NUMBER |
| Classification number |
RT 41 fun |
| 100 ## - MAIN ENTRY--AUTHOR NAME |
| Personal name |
KOZIER, Barbara...[et al] |
| 245 ## - TITLE STATEMENT |
| Title |
FUNDAMENTALS of nursing: concepts, process and practice |
| 260 ## - PUBLICATION, DISTRIBUTION, ETC. (IMPRINT) |
| Place of publication |
Harlow, England |
| Name of publisher |
Pearson Education |
| Year of publication |
2008 |
| 300 ## - PHYSICAL DESCRIPTION |
| Number of Pages |
xix, 787p., illus, bibliographic references and index |
| 650 ## - SUBJECT ADDED ENTRY--TOPICAL TERM |
| Topical Term |
Nursing |
| 700 ## - ADDED ENTRY--PERSONAL NAME |
| Personal name |
ERD, Glenora, BERMAN, Audrey, SNYDER, Shirlee, LAKE, Richard, HARVEY, Sharon |
| 942 ## - ADDED ENTRY ELEMENTS (KOHA) |
| Koha item type |
Books |